LEADER 01169nam a2200277 u 4500 001 000000024691 003 CaOOAMICUS 005 20070226111359.0 008 950623s1953 sp u000 u spa u 035 $a10628352 040 $aPUL(R)$bita 111 2 $aSemana bíblica española$n(13 :$d1952 :$cMadrid).$0(OLS)http://pul/name/20581 245 10$aXIII Semana bíblica española (24-29 sept. 1952) :$bel movimento ecumenista. 246 33$aEl movimento ecumenista 260 $aMadrid :$b[s.n.],$c1953. 300 $a396 p. ;$c27 cm 504 $aBibliogarfia in nota. 630 04$aBiblia$vCongressi.$0(OLS)http://pul/subject/9582 710 2 $aInstituto Francisco Suarez.$0(OLS)http://pul/name/6084 850 $aPUL 852 $aPUL$W1$xDP2 Religione 1$y63$m71 H 13$j34552$nBK-PRI$qStampati$B34552$CPULBib$Z2$F34552 $H29033 $82 941 1 $a8 961 $aINV: 29033 996 $6245$aXIII Semana bíblica española (24-29 sept. 1952) :$bel movimento ecumenista$9(OLS)http://pul/title/34111 996 $6246$aEl movimento ecumenista$9(OLS)http://pul/title/34112 996 $6260$aMadrid :$b[s.n.]$9(OLS)http://pul/publisher/49535 LEADER 01312nam a2200289 a 4500 001 000000118754 003 CaOOAMICUS 005 20091214171658.0 008 091214t2009 vc u000 u ita r 020 $a978-88-401-4028-5 040 $aPUL$bita$dReb 245 00$aSul consenso matrimoniale canonico /$ca cura di Claudio Marras e Raffaele Santoro. 260 $aCittà del Vaticano :$bUrbaniana University Press,$c©2009. 300 $a116 p. ;$c24 cm. 490 1 $aStudia Canonica ;$v56 504 $aBibliografia p. [109]-114. 650 4$aMatrimonio (diritto canonico).$0(OLS)http://pul/subject/475 700 1 $aSantoro, Raffaele.$0(OLS)http://pul/name/32945 700 1 $aMarras, Claudio.$0(OLS)http://pul/name/74191 830 0$aStudia (Urbaniana University Press).$pCanonica ;$v56.$0(OLS)http://pul/title/103950 850 $aPUL 852 $aPUL$W1$xSL Diritto Canonico 3$y77$m262. 9 COLL 7.56$j136300$qDDC 21$B135265$CPULBib$Z2$F135265 $H112074 $82 941 1 $a9 960 $aDiritto matrimoniale canonico$9475 996 $6020$a978-88-401-4028-5$9(OLS)http://pul/number/142797 996 $6245$aSul consenso matrimoniale canonico$9(OLS)http://pul/title/149460 996 $6260$aCittà del Vaticano :$bUrbaniana University Press$9(OLS)http://pul/publisher/66922 LEADER 01084naa a2200217 u 4500 001 000000097506 003 CaOOAMICUS 005 20070226130150.0 008 050504s1977 it u000 u ita u 035 $a11044581 040 $aIAR$bita 100 1 $aChiarini, Gioachino.$0(OLS)http://pul/name/35229 245 11$a[Recensione :] R. Pfeiffer, Histoty of classical scholarship /$cGioachino Chiarini. 260 $aPisa :$bScuola Normale,$c1977. 300 $aS. 1629-1647 ;$c25 cm 600 14$aPfeiffer, Rudolf,$d1889-1979$tHistory of classical scholarship.$0(OLS)http://pul/subject/30909 730 0 $aAnnali della Scuola normale superiore di Pisa, Classe di lettere e filosofia$g[Spogli].$0(OLS)http://pul/title/24292 773 0 $tAnnali della Scuola Normale Superiore di Pisa$gSerie III, vol. VII,4 (1977). 773 0 $tAnnali della Scuola normale superiore di Pisa, Classe di lettere e filosofia$w()16982 996 $6245$a[Recensione :] R. Pfeiffer, Histoty of classical scholarship$9(OLS)http://pul/title/124391 996 $6260$aPisa :$bScuola Normale$9(OLS)http://pul/publisher/79182 LEADER 01255nam a2200265 a 4500 001 000000157863 003 CaOOAMICUS 005 20170113102306.0 008 170113s1936 it m 001 u lat r 032 $aLibriCat 040 $aPUL$bita 100 0 $aBernardo da Vasto,$cO.F.M. Cap.$0(OLS)http://pul/name/100776 245 10$aDe communicatione privilegiorum praesertim inter religiones /$cP. Bernardus a Vasto O.M. Cap. 260 $aAquilae in Vestinis :$bcoi tipi delle Officine Grafiche Vecchioni,$c1936. 300 $aXIII, 94 p. ;$c24 cm. 502 $aTesi -- Pontificia Universitas Gregoriana. Facultas iuris canonici. 1936. 504 $aBibliografia in nota. 650 4$aComunicazione$xStudi.$0(OLS)http://pul/subject/5409 710 2 $aPontificia Università Gregoriana.$bFacoltà di diritto canonico.$kTesi.$0(OLS)http://pul/name/81757 850 $aPUL 852 $aPUL$W1$xDP1 Tesi Pon. Univ. Gregoriana$y40$mTH PUG 44$j181196$qTesi$B184328$CPULBib$Z2$F184328 $82 941 1 $a16 996 $6245$aDe communicatione privilegiorum praesertim inter religiones$9(OLS)http://pul/title/197455 996 $6260$aAquilae in Vestinis :$bcoi tipi delle Officine Grafiche Vecchioni$9(OLS)http://pul/publisher/85866 LEADER 01740nam a2200325 u 4500 001 000000029075 003 CaOOAMICUS 005 20070226111856.0 008 970127s1997 it u000 u ita u 020 $a8879610406 035 $a10750133 040 $aIPA$bita$dBAV 110 2 $aGruppo italiano di ricerca su "Origene e la tradizione alessandrina".$bConvegno$n(1 :$d1996 :$cChieti).$0(OLS)http://pul/name/23573 245 13$aIl dono e la sua ombra :$bricerche sul Peri euch?s di Origene : atti del I Convegno del Gruppo italiano di ricerca su "Origene e la tradizione alessandrina" /$ca cura di Francesca Cocchini. 246 30$aRicerche sul Peri euch?s di Origene 260 $aRoma :$bInstitutum Patristicum Augustinianum,$c1997. 300 $a194 p. ;$c24 cm 490 1 $aStudia ephemeridis "Augustinianum" ;$v57 600 04$aOrigenes,$d184-253.$tDe oratione$9(Origenes, 184-253).$0(OLS)http://pul/subject/16739 700 1 $aCocchini, Francesca.$0(OLS)http://pul/name/2184 830 0$aStudia ephemeridis Augustinianum ;$v57.$0(OLS)http://pul/title/713 850 $aPUL 852 $aPUL$W1$xSL Religione 1$y3$m21 A 57$j40313$nBK-PRI$qStampati$B40313$CPULBib$Z2$F40313 $H76514 $82 941 1 $a8 961 $aINV: 76514 983 0$aSEA. 996 $6020$a8879610406$9(OLS)http://pul/number/36236 996 $6245$aIl dono e la sua ombra :$bricerche sul Peri euch?s di Origene : atti del I Convegno del Gruppo italiano di ricerca su "Origene e la tradizione alessandrina"$9(OLS)http://pul/title/39741 996 $6246$aRicerche sul Peri euch?s di Origene$9(OLS)http://pul/title/39742 996 $6260$aRoma :$bInstitutum Patristicum Augustinianum$9(OLS)http://pul/publisher/48165 LEADER 01350nam a2200277 a 4500 001 000000142170 003 CaOOAMICUS 005 20150309142200.0 008 150309s1977 it u000 u ita r 040 $aPUL$bita 245 03$aIl cattolicesimo politico e sociale in Italia e Germania dal 1870 al 1914 /$ca cura di Ettore Passerin D'Entreves e Konrad Repgen. 260 $aBologna :$bIl Mulino,$c©1977. 300 $a262 p. ;$c22 cm 490 1 $aAnnali dell'Istituto storico italo-germanico. Quaderni ;$v01 500 $aAtti della settimana di studio, Trento, 15-20 settembre 1975. 504 $aBibliografia in nota. 650 4$aCattolicesimo e politica$zItalia$ySec. XIX-XX.$0(OLS)http://pul/subject/3394 700 1 $aPasserin d'Entrèves, Ettore.$0(OLS)http://pul/name/90135 700 1 $aRepgen, Konrad,$d1923-$0(OLS)http://pul/name/6012 830 0$aAnnali dell'Istituto storico italo-germanico in Trento.$pQuaderni ;$v01.$0(OLS)http://pul/title/8598 850 $aPUL 852 $aPUL$W1$xDP1 Fondo Capitani$y116$m10 C 50$j164090$qFondi$B164180$CPULBib$Z2$F164180 $HCap1622 $82 941 1 $a1 996 $6245$aIl cattolicesimo politico e sociale in Italia e Germania dal 1870 al 1914$9(OLS)http://pul/title/179961 996 $6260$aBologna :$bIl Mulino$9(OLS)http://pul/publisher/47928